Friends Guest Stars Quiz Stats

 Plays Quiz Updated Oct 31, 2018

Score 0/78 Timer 10:00
11 Plays Today
Character Name Real Name % Correct
Will ColbertBrad Pitt
75.9%
Jill GreenReese Witherspoon
63.7%
Dr. Richard BurkeTom Selleck
59%
Paul StevensBruce Willis
55.8%
Amy GreenChristina Applegate
55.4%
Roy, the StripperDanny DeVito
52.7%
Mike HanniganPaul Rudd
48.3%
JulieLauren Tom
41.5%
Susie MossJulia Roberts
38.5%
Dr. Michael MitchellGeorge Clooney
34.8%
Sandy the NannyFreddie Prinze, Jr.
34.1%
Jack GellerElliott Gould
31.9%
TommyBen Stiller
31.6%
ParkerAlec Baldwin
29.9%
Frank Buffay Jr.Giovanni Ribisi
29%
Charles BingKathleen Turner
28.2%
Cassie GellerDenise Richards
28.2%
DavidHank Azaria
27.7%
Janine LecroixElle Macpherson
27%
Jessica LockhartSusan Sarandon
26.9%
Nora Tyler BingMorgan Fairchild
22.8%
MalcolmDavid Arquette
22.6%
MollyMelissa George
22%
Erika FordBrooke Shields
21.5%
EricaAnna Faris
21.4%
RyanCharlie Sheen
21.2%
Judy GellerChristina Pickles
21%
Pete BeckerJon Favreau
20.9%
Charlie WheelerAisha Tyler
20.7%
Ben GellerCole Sprouse
19.1%
EricSean Penn
18.8%
Melissa WarburtonWinona Ryder
18.4%
Jamie BuchmanHelen Hunt
18%
BonnieChristine Taylor
17.8%
Dr. Jeffrey RosenNoah Wyle
17.5%
Eddie MenuekAdam Goldberg
17.2%
MindyJennifer Grey
16%
Joshua BurginTate Donovan
15.9%
Sandra GreenMarlo Thomas
15.6%
Character Name Real Name % Correct
Phoebe Abbott Sr.Teri Garr
14.2%
GavinDermot Mulroney
14.1%
Emily WalthamHelen Baxendale
13.1%
Dr. Benjamin HobartGreg Kinnear
12.8%
Leonard HayesJeff Goldblum
12.6%
Alice Knight BuffayDebra Jo Rupp
12%
ErinKristin Davis
12%
Dr. Tim BurkeMichael Vartan
11.8%
Kristen LangGabrielle Union
10%
SteveJon Lovitz
9.3%
ZackJohn Stamos
9.2%
Richard CrosbyGary Oldman
9.1%
MonaBonnie Somerville
9.1%
EarlJason Alexander
8.7%
Missy GoldbergEllen Pompeo
8.5%
KathyPaget Brewster
8.4%
GaryMichael Rapaport
8.1%
DuncanSteve Zahn
7.9%
KatieSoleil Moon Frye
7.1%
CherylRebecca Romijn
7%
Caroline DuffyLea Thompson
6.8%
The Zoo KeeperDan Castellaneta
6.5%
Stephanie SchifferChrissie Hynde
6.4%
Rob DonnenChris Isaak
5.9%
WendySelma Blair
5.9%
Stephen WalthamTom Conti
5.8%
Frank BuffayBob Balaban
5.6%
Elizabeth StevensAlexandra Holden
5%
Jessica AshleyAlison Sweeney
5%
Estelle LeonardJune Gable
4.7%
Kate MillerDina Meyer
4.2%
LydiaLeah Remini
4.2%
Gloria TribbianiBrenda Vaccaro
4%
Dr. Leonard GreenRon Leibman
3.8%
Barry FarberMitchell Whitfield
3.4%
Mr. LipsonFred Willard
3.2%
Aunt IrisBeverly Garland
2.8%
RobinCatherine Bell
2.7%
James CampbellBrent Spiner
2.1%

You're not logged in!

Compare scores with friends on all Sporcle quizzes.
OR
Log In

Sporcle TV

Today on Sporcle TV


Watch our educational content, quiz creation guides, and fun videos on Sporcle TV.

Show Comments

Extras

Top Quizzes Today


Score Distribution

Your Account Isn't Verified!

In order to create a playlist on Sporcle, you need to verify the email address you used during registration. Go to your Sporcle Settings to finish the process.

Report this User

Report this user for behavior that violates our Community Guidelines.

Details: